000 00726nam0a22002411 4500
001 rc\2609062
005 20250623134012.0
035 _a(NLR Aleph) 006772978
090 _a5964072
_c5964072
100 _a20110914d1930 |||y0rusy50 ca
101 0 _arus
102 _aRU
105 _aa z |||a|
200 1 _aКто орех разгрыз
_e[Рассказ для детей]
_fЮ. Стремин
210 _a[Москва]
_cГос. изд-во
_d1930
_g1-я Образцовая типо-лит.
215 _a[11] с.
_cкрас. ил.
_d20х15 см.
700 1 _aСтремин
_bЮ.
801 0 _aRU
_bNLR
_gpsbo
801 1 _aRU
_bELAR
_2rusmarc
852 _aNLR
_j89/205
942 _cBOOK
980 _aNB